Martin Niemoeller: (Record no. 13978)

000 -LEADER
fixed length control field 00599nam a2200181 a 4500
001 - CONTROL NUMBER
control field :::00011802$&:&@@
003 - CONTROL NUMBER IDENTIFIER
control field OkBaRHE
005 - DATE AND TIME OF LATEST TRANSACTION
control field 20000607103413.0
008 - FIXED-LENGTH DATA ELEMENTS--GENERAL INFORMATION
fixed length control field s1942 j 000 0 eng u
040 ## - CATALOGING SOURCE
Transcribing agency
100 1# - MAIN ENTRY--PERSONAL NAME
Personal name Miller, Basil William, 1897-
245 10 - TITLE STATEMENT
Title Martin Niemoeller:
Remainder of title hero of the concentration camp.
260 ## - PUBLICATION, DISTRIBUTION, ETC. (IMPRINT)
Place of publication, distribution, etc Grand Rapids, MI., :
Name of publisher, distributor, etc Zondervan Publishing House
Date of publication, distribution, etc c1942
300 ## - PHYSICAL DESCRIPTION
Extent 161 p. ;
Dimensions 20 cm.
650 ## - SUBJECT ADDED ENTRY--TOPICAL TERM
Topical term or geographic name as entry element Niemoeller, Martin, 1892-
942 ## - ADDED ENTRY ELEMENTS (KOHA)
Source of classification or shelving scheme
Koha item type Books
Copies
Barcode Date last seen Koha item type Permanent Location Source of classification or shelving scheme Date acquired Full call number Damaged status Shelving location Price effective from Lost status Copy number Withdrawn status Not for loan
118022010-04-14BooksRHEMA Bible Training College 2010-04-14BX 8080 .N48M5 General Stacks2010-04-14 1